Vlastnosti svetelných zdrojov pri stmievaní

Salvato in:
Dettagli Bibliografici
Autore principale: Šišková, Dáša (Autore)
Altri autori: Smola, Alfonz, 1951- (Relatore della tesi)
Natura: Manoscritto Libro
Lingua:slovacco
Pubblicazione: Bratislava : STU v Bratislave FEI, 2001
Soggetti:
Tags: Aggiungi Tag
Nessun Tag, puoi essere il primo ad aggiungerne!!

MARC

LEADER 00000ntm a22000003a 4500
001 stu73435
005 20160719164801.4
008 020129s2001------------------------slo-d
040 |a STU  |b slo 
041 0 |a slo 
100 1 |a Šišková, Dáša  |4 aut  |X 81878  |7 81878 
245 1 |a Vlastnosti svetelných zdrojov pri stmievaní 
260 |a Bratislava :  |b STU v Bratislave FEI,  |c 2001 
300 |a 65 s 
650 7 |a Elektroenergetické a silnoprúdové inžinierstvo  |2 stusub 
700 1 |a Smola, Alfonz,  |d 1951-  |4 ths  |u E020  |U FEI Fakulta elektrotechniky a informatiky  |T FEI Ústav elektroenergetiky a aplikovanej elektrotechniky  |X 1989  |U E020  |Y 548  |7 A000001989